[Event "Dortmund op-B"]
[Site "Dortmund"]
[Date "2007.06.30"]
[Round "8"]
[White "Cirikovic, Semsudin"]
[Black "Schneider, Robert"]
[Result "1/2-1/2"]
[WhiteElo "1489"]
[BlackElo "1699"]
[PlyCount "109"]
[EventDate "2007.06.22"]
[EventType "swiss"]
[EventRounds "9"]
[EventCountry "GER"]
[SourceTitle "EXT 2008"]
[Source "ChessBase"]
[SourceDate "2007.11.25"]
[SourceVersion "1"]
[SourceVersionDate "2007.11.25"]
[SourceQuality "1"]

1. d4 Nf6 2. c4 g6 3. Nc3 d5 4. Bg5 Ne4 5. Bf4 Nxc3 6. bxc3 Bg7 7. e3 0-0 8. Nf3 c5 9. Be2 Nc6 10. 0-0 Be6 11. cxd5 Bxd5 12. Qc2 cxd4 13. cxd4 Rc8 14. Qa4 Na5 15. Rac1 b6 16. Rc2 Rxc2 17. Qxc2 Qa8 18. Rc1 Bb7 19. Qd1 Rc8 20. Ne1 h5 21. Bf3 h4 22. Bxb7 Qxb7 23. Rxc8+ Qxc8 24. h3 Qc4 25. Qc2 Qxc2 26. Nxc2 Bf6 27. Nb4 Nc4 28. Na6 e5 29. dxe5 Nxe5 30. Kf1 Kf8 31. Ke2 Ke7 32. Bxe5 Bxe5 33. Nb4 Kd6 34. f4 Bc3 35. Nc2 Kc5 36. Kd3 Bf6 37. e4 b5 38. a3 a5 39. e5 Bd8 40. Nd4 b4 41. axb4+ axb4 42. e6 f5 43. Nf3 Kd5 44. Nd4 Bf6 45. Nb3 Kxe6 46. Kc4 Be7 47. Nc1 Bd6 48. Nd3 Kf6 49. Kd5 Bf8 50. Kc4 Ke6 51. Ne5 g5 52. Ng6 Bh6 53. Kxb4 Kf6 54. Ne5 gxf4 55. Nf3 1/2-1/2

[Event "Dortmund op-B"]
[Site "Dortmund"]
[Date "2007.06.29"]
[Round "7"]
[White "Cirikovic, Semsudin"]
[Black "Spisla, Dominik"]
[Result "0-1"]
[WhiteElo "1489"]
[BlackElo "1661"]
[PlyCount "77"]
[EventDate "2007.06.22"]
[EventType "swiss"]
[EventRounds "9"]
[EventCountry "GER"]
[SourceTitle "EXT 2008"]
[Source "ChessBase"]
[SourceDate "2007.11.25"]
[SourceVersion "1"]
[SourceVersionDate "2007.11.25"]
[SourceQuality "1"]

1. d4 d5 2. c4 e6 3. Nc3 Be7 4. Nf3 Nf6 5. Bf4 0-0 6. e3 Nbd7 7. Qc2 c5 8. h3 cxd4 9. exd4 dxc4 10. Bxc4 Nb6 11. Bb3 Bd7 12. Ne5 Rc8 13. 0-0 Nfd5 14. Be3 Bb4 15. Bd2 Rc7 16. Nxd7 Qxd7 17. Qd3 Bxc3 18. bxc3 Rfc8 19. Rac1 Nc4 20. Rfe1 Nxd2 21. Qxd2 Nxc3 22. Qf4 Ne2+ 23. Rxe2 Rxc1+ 24. Kh2 Qc7 25. Re5 Re1 26. g3 Rxe5 27. dxe5 Qc1 28. Qf3 Qc6 29. Qd1 g6 30. h4 Qc5 31. f4 Qb6 32. Kh3 Rd8 33. Qe2 Qc6 34. Kg4 h5+ 35. Kg5 Kg7 36. g4 hxg4 37. Qxg4 Rh8 38. Qh3 Qe4 39. Bd1 0-1

[Event "Dortmund op-B"]
[Site "Dortmund"]
[Date "2007.06.23"]
[Round "2"]
[White "Zelbel, Chantal"]
[Black "Cirikovic, Semsudin"]
[Result "0-1"]
[WhiteElo "751"]
[BlackElo "1489"]
[PlyCount "68"]
[EventDate "2007.06.22"]
[EventType "swiss"]
[EventRounds "9"]
[EventCountry "GER"]
[SourceTitle "EXT 2008"]
[Source "ChessBase"]
[SourceDate "2007.11.25"]
[SourceVersion "1"]
[SourceVersionDate "2007.11.25"]
[SourceQuality "1"]

1. e4 e5 2. Nf3 Nc6 3. Nc3 Nf6 4. Bb5 d6 5. d3 Be7 6. 0-0 0-0 7. Bg5 Bd7 8. Nd2 a6 9. Bc4 Na5 10. Qf3 Nxc4 11. Nxc4 b5 12. Nd2 b4 13. Ncb1 h6 14. Be3 Bg4 15. Qg3 Kh8 16. Nf3 Qc8 17. h3 Bxf3 18. gxf3 Nh5 19. Qg2 f5 20. Qg6 Qe8 21. Qe6 Rf6 22. Qc4 c5 23. c3 f4 24. Bd2 Rg6+ 25. Kh2 Bh4 26. Rg1 Bxf2 27. Rg2 Rxg2+ 28. Kxg2 Bh4 29. Qd5 Qg6+ 30. Kf1 Qg3 31. Qxa8+ Kh7 32. Be1 Qxe1+ 33. Kg2 Qf2+ 34. Kh1 Ng3# 0-1